Naganuma’s practical Japanese : Basic course
সংরক্ষণ করুন:
| প্রধান লেখক: | |
|---|---|
| বিন্যাস: | গ্রন্থ |
| ভাষা: | Undetermined |
| প্রকাশিত: |
Tokyo
Kaitakusha
1962
|
| বিষয়গুলি: | |
| ট্যাগগুলো: |
ট্যাগ যুক্ত করুন
কোনো ট্যাগ নেই, প্রথমজন হিসাবে ট্যাগ করুন!
|
| Thư viện lưu trữ: | Trung tâm Học liệu Trường Đại học Cần Thơ |
|---|
| LEADER | 00557nam a2200205Ia 4500 | ||
|---|---|---|---|
| 001 | CTU_110258 | ||
| 008 | 210402s9999 xx 000 0 und d | ||
| 082 | |a 495.6 | ||
| 082 | |b N147 | ||
| 100 | |a Naganuma, Naoe | ||
| 245 | 0 | |a Naganuma’s practical Japanese : | |
| 245 | 0 | |b Basic course | |
| 245 | 0 | |c Naoe Naganuma, Kiyoshi Moir | |
| 260 | |a Tokyo | ||
| 260 | |b Kaitakusha | ||
| 260 | |c 1962 | ||
| 650 | |a Japanese language | ||
| 650 | |x Conversation and phrase books | ||
| 904 | |i Hiếu | ||
| 980 | |a Trung tâm Học liệu Trường Đại học Cần Thơ | ||